000 00676nam a2200277Ia 4500
005 20260324125039.0
008 008 260324s9999 xx 000 0 eng d
020 _a9780203878385
037 _aEBOOK
040 _aCRL
040 _beng
040 _cCRL
041 _2eng
041 _aeng
084 _qCRL
100 _aSteve W.J. Kozlowski; Eduardo Salas
_91176489
245 0 _aLearning, Training, and Development in Organizations
260 _bTaylor and Francis
260 _c2009
365 _a
365 _b220
856 _uhttp://www.taylorfrancis.com/books/9780203878385
942 _cEBOOK
999 _c1771413
_d1771413